[Event "Düsseldorfer SK 1 - SV Erkenschwick 1"]
[Site "Oberliga NRW 2012/2013"]
[Date "2013.02.17"]
[Round "6.3"]
[White "Willemze, Thomas"]
[Black "de Gleria, Francesco"]
[Result "1-0"]
[WhiteElo "2380"]
[BlackElo "2335"]
[PlyCount "75"]
[EventDate "2013.??.??"]
[WhiteTeam "SV Erkenschwick 1"]
[BlackTeam "Düsseldorfer SK 1"]

1. e4 c5 2. Nf3 d6 3. d4 cxd4 4. Nxd4 Nf6 5. Nc3 Nc6 6. g3 Bg4 7. f3 Bd7 8. Be3
g6 9. Qd2 Bg7 10. g4 O-O 11. O-O-O Rc8 12. Kb1 Ne5 13. h4 Re8 14. Be2 Nc4 15.
Bxc4 Rxc4 16. b3 Rc8 17. Nd5 Nxd5 18. exd5 e6 19. dxe6 fxe6 20. h5 Qf6 21. hxg6
Qxg6 22. Rh5 Rc5 23. Rdh1 Rxh5 24. gxh5 Qf7 25. h6 Bf6 26. Ne2 d5 27. Nf4 d4
28. Bxd4 e5 29. Bb2 Bf5 30. Rg1+ Kh8 31. Nd3 Bg6 32. Qc3 Qd7 33. Re1 Qf5 34. f4
Rc8 35. Qb4 a5 36. Qd6 Kg8 37. Qd5+ Bf7 38. Rg1+ 1-0

[Event "Düsseldorfer SK 1 - SV Erkenschwick 1"]
[Site "Oberliga NRW 2012/2013"]
[Date "2013.02.17"]
[Round "6.4"]
[White "Borngaesser, Rene"]
[Black "Erwich, Frank"]
[Result "1-0"]
[WhiteElo "2288"]
[BlackElo "2331"]
[PlyCount "133"]
[EventDate "2013.??.??"]
[WhiteTeam "Düsseldorfer SK 1"]
[BlackTeam "SV Erkenschwick 1"]

1. e4 e5 2. Nf3 Nc6 3. Bc4 Nf6 4. d3 h6 5. Nc3 d6 6. h3 Na5 7. Qe2 Be7 8. Be3
c6 9. a4 Nxc4 10. dxc4 Qc7 11. O-O O-O 12. Nh2 Be6 13. Ng4 Nxg4 14. hxg4 Qa5
15. f3 Qb4 16. Qd2 Qxc4 17. b3 Qa6 18. Kf2 Rfd8 19. Rh1 d5 20. Bxh6 Qb6+ 21.
Kg3 Qd4 22. Be3 Qxd2 23. Bxd2 d4 24. Nd1 c5 25. Nb2 Rac8 26. Nc4 f6 27. Kf2 b6
28. Ke2 Rc6 29. g5 Bxc4+ 30. bxc4 fxg5 31. a5 Rg6 32. axb6 axb6 33. Ra7 Bd6 34.
g4 Rh6 35. Rh5 Rxh5 36. gxh5 Rb8 37. Rd7 Bf8 38. Rd5 b5 39. cxb5 Rxb5 40. Rxe5
Rb2 41. Kd3 Ra2 42. Rxg5 Ra3+ 43. c3 Be7 44. Rd5 Kf7 45. f4 Ke8 46. Kc2 Ra2+
47. Kd1 Ra1+ 48. Ke2 Rh1 49. cxd4 Rh2+ 50. Kd1 cxd4 51. Kc2 Kf7 52. Kd3 Bf6 53.
Bb4 Rh3+ 54. Kc4 Ke8 55. Ra5 Bd8 56. Ra8 Rxh5 57. f5 Kd7 58. Ra7+ Kc6 59. Rxg7
Rh3 60. Rg6+ Kd7 61. e5 Rh8 62. e6+ Kc8 63. f6 d3 64. f7 d2 65. Bxd2 Rh4+ 66.
Kd5 Rh5+ 67. Kc6 1-0

[Event "Düsseldorfer SK 1 - SV Erkenschwick 1"]
[Site "Oberliga NRW 2012/2013"]
[Date "2013.02.17"]
[Round "6.5"]
[White "Van Beek, Alexander"]
[Black "Balster, Stefan"]
[Result "1-0"]
[WhiteElo "2261"]
[BlackElo "2259"]
[PlyCount "77"]
[EventDate "2013.??.??"]
[WhiteTeam "SV Erkenschwick 1"]
[BlackTeam "Düsseldorfer SK 1"]

1. e4 c5 2. Nf3 e6 3. g3 Nc6 4. Bg2 d6 5. O-O Nf6 6. Qe2 Be7 7. e5 dxe5 8. Nxe5
Nxe5 9. Qxe5 O-O 10. Nc3 a6 11. Rd1 Bd6 12. Qe2 e5 13. d3 h6 14. Nd5 Re8 15. b3
Rb8 16. Bb2 Nxd5 17. Bxd5 Be6 18. Qf3 Qd7 19. Re1 Bxd5 20. Qxd5 Qe6 21. Qf3 Re7
22. a4 a5 23. Bc3 b6 24. Re2 Qd7 25. Rae1 Rbe8 26. Qd5 Bb8 27. Qxd7 Rxd7 28. f4
f6 29. fxe5 fxe5 30. Kf2 Rde7 31. Ke3 Kf7 32. Ke4 Ke6 33. Rf1 Bc7 34. Rf5 g6
35. Rf3 Rd8 36. Ref2 Rd6 37. Rf6+ Kd7 38. Rxd6+ Bxd6 39. Kd5 1-0

[Event "Düsseldorfer SK 1 - SV Erkenschwick 1"]
[Site "Oberliga NRW 2012/2013"]
[Date "2013.02.17"]
[Round "6.7"]
[White "Krings, Christoph"]
[Black "Luncescu, Christian"]
[Result "1/2-1/2"]
[WhiteElo "2128"]
[BlackElo "2162"]
[Annotator "Doe,John"]
[PlyCount "106"]
[EventDate "2013.??.??"]
[WhiteTeam "SV Erkenschwick 1"]
[BlackTeam "Düsseldorfer SK 1"]

1. d4 Nf6 2. Nf3 g6 3. c4 Bg7 4. Nc3 d5 5. g3 dxc4 6. Qa4+ Nc6 7. Qxc4 Be6 8.
Qa4 Nd5 9. Bg2 Nb6 10. Qd1 Rb8 11. Bf4 Nd5 12. Bc1 Nb6 13. Bf4 Nd5 14. Bc1 $11
O-O 15. O-O Nb6 16. e3 Bc4 17. Re1 e5 18. b3 exd4 19. exd4 Be6 20. Bg5 Qd7 21.
Ne5 Qxd4 22. Nxc6 bxc6 23. Rc1 Nd5 24. Qxd4 Bxd4 25. Nxd5 Bxd5 26. Bxd5 cxd5
$11 27. Rxc7 Rfe8 28. Ree7 Bb6 29. Rcd7 Rxe7 30. Rxe7 Kg7 31. Rd7 Re8 32. Rxd5
Re2 33. Rd2 Bxf2+ 34. Kf1 Rxd2 35. Bxd2 Bd4 36. Ke2 Kf6 37. Kd3 Bg1 38. h3 Ke5
39. g4 f5 40. gxf5 Kxf5 41. b4 Ke5 42. Kc4 Kd6 43. b5 Bf2 44. Bf4+ Ke6 45. a4
Bb6 46. Bd2 h5 47. a5 Bf2 48. b6 axb6 49. a6 Kd7 50. Kb5 Kc8 51. Bf4 g5 52.
Bxg5 Kb8 53. Bf4+ Ka7 1/2-1/2

[Event "Düsseldorfer SK 1 - SV Erkenschwick 1"]
[Site "Oberliga NRW 2012/2013"]
[Date "2013.02.17"]
[Round "6.8"]
[White "Berndt, Axel"]
[Black "Eggenstein, Frank"]
[Result "1-0"]
[WhiteElo "2120"]
[BlackElo "1989"]
[PlyCount "43"]
[EventDate "2013.??.??"]
[WhiteTeam "Düsseldorfer SK 1"]
[BlackTeam "SV Erkenschwick 1"]

1. e4 e6 2. d4 d5 3. Nc3 Bb4 4. e5 Ne7 5. a3 Bxc3+ 6. bxc3 c5 7. a4 Qa5 8. Bd2
Nbc6 9. Nf3 Bd7 10. Bb5 Qc7 11. O-O O-O 12. Re1 Na5 13. Bd3 Ng6 14. Ng5 Bc8 15.
Qh5 h6 16. Nh3 c4 17. Bxg6 fxg6 18. Qxg6 Qf7 19. Qg3 Bd7 20. Bxh6 Kh8 21. Bc1
Qh5 22. Nf4 1-0

[Event "Klub Kölner SF 1 - Aachener SV 1"]
[Site "Oberliga NRW 2012/2013"]
[Date "2013.02.17"]
[Round "6.1"]
[White "Koch, Thomas"]
[Black "Morawietz, Dieter"]
[Result "1-0"]
[WhiteElo "2382"]
[BlackElo "2332"]
[PlyCount "65"]
[EventDate "2013.??.??"]
[WhiteTeam "Aachener SV 1"]
[BlackTeam "Klub Kölner SF 1"]

1. d4 Nf6 2. c4 e6 3. Nf3 b6 4. g3 Bb4+ 5. Bd2 Bxd2+ 6. Qxd2 Bb7 7. Bg2 d6 8.
Nc3 Ne4 9. Qf4 Qf6 10. Nd2 Qxf4 11. gxf4 Nc5 12. dxc5 Bxg2 13. Rg1 Bc6 14. cxd6
cxd6 15. Rxg7 Nd7 16. Nde4 d5 17. cxd5 exd5 18. Ng3 Nc5 19. Rg5 O-O-O 20. Rc1
f6 21. Rf5 Rhe8 22. Kd2 d4 23. Na4 Bxa4 24. b4 Bc2 25. Rxc2 d3 26. exd3 Rxd3+
27. Kc1 Re1+ 28. Kb2 a5 29. bxc5 b5 30. a4 b4 31. c6 b3 32. Rc3 Rd2+ 33. Kxb3
1-0

[Event "Klub Kölner SF 1 - Aachener SV 1"]
[Site "Oberliga NRW 2012/2013"]
[Date "2013.02.17"]
[Round "6.2"]
[White "Eichhorn, Andreas"]
[Black "Sonntag, Hans-Hubert"]
[Result "1/2-1/2"]
[WhiteElo "2289"]
[BlackElo "2339"]
[PlyCount "38"]
[EventDate "2013.??.??"]
[WhiteTeam "Klub Kölner SF 1"]
[BlackTeam "Aachener SV 1"]

1. c4 e6 2. g3 d5 3. Bg2 Nf6 4. Nf3 dxc4 5. Na3 Bxa3 6. bxa3 O-O 7. Bb2 Nc6 8.
Qc2 Re8 9. Qxc4 e5 10. Ng5 Qe7 11. O-O h6 12. Ne4 Nxe4 13. Bxe4 Nd4 14. Bxd4
exd4 15. Bf3 Rd8 16. Rfc1 c6 17. Qb4 Qxb4 18. axb4 a5 19. a3 Be6 1/2-1/2

[Event "Klub Kölner SF 1 - Aachener SV 1"]
[Site "Oberliga NRW 2012/2013"]
[Date "2013.02.17"]
[Round "6.3"]
[White "Klein, Felix"]
[Black "Helbig, Mark"]
[Result "0-1"]
[WhiteElo "2284"]
[BlackElo "2256"]
[PlyCount "104"]
[EventDate "2013.??.??"]
[WhiteTeam "Aachener SV 1"]
[BlackTeam "Klub Kölner SF 1"]

1. e4 c6 2. d4 d5 3. Nc3 dxe4 4. Nxe4 Bf5 5. Ng3 Bg6 6. h4 h6 7. Nf3 Nd7 8. h5
Bh7 9. Bd3 Bxd3 10. Qxd3 e6 11. Bf4 Qa5+ 12. Bd2 Bb4 13. c3 Be7 14. c4 Qc7 15.
O-O-O Ngf6 16. Kb1 O-O 17. Rhe1 b5 18. c5 Rfd8 19. Qc2 a5 20. Ne4 Nxe4 21. Qxe4
Nf6 22. Qe2 a4 23. g4 a3 24. b3 Nd5 25. Ka1 Re8 26. Qe4 Bd8 27. Ne5 Bf6 28. f4
Rad8 29. Qf3 Bxe5 30. fxe5 Qe7 31. g5 hxg5 32. h6 f5 33. hxg7 g4 34. Qh1 Qxg7
35. Qh5 f4 36. Rh1 Rf8 37. Rh4 Rf5 38. Qxg4 Qxg4 39. Rxg4+ Kf7 40. Rh1 Rg8 41.
Rxg8 Kxg8 42. Kb1 Rg5 43. Kc2 Kg7 44. Kd3 Rg2 45. b4 Kg6 46. Rh8 Kf5 47. Rf8+
Kg4 48. Rg8+ Kf3 49. Rd8 Rg3 50. Rf8 Kg4+ 51. Ke4 Nc3+ 52. Bxc3 Re3# 0-1

[Event "Klub Kölner SF 1 - Aachener SV 1"]
[Site "Oberliga NRW 2012/2013"]
[Date "2013.02.17"]
[Round "6.4"]
[White "Huhndorf, Arnold"]
[Black "Coenen, Norbert"]
[Result "1/2-1/2"]
[WhiteElo "2257"]
[BlackElo "2259"]
[Annotator "Doe,John"]
[PlyCount "51"]
[EventDate "2013.??.??"]
[WhiteTeam "Klub Kölner SF 1"]
[BlackTeam "Aachener SV 1"]

1. c4 c5 2. g3 Nf6 3. Bg2 d5 4. cxd5 Nxd5 5. Nc3 Nc7 6. Nf3 Nc6 7. O-O e5 8. a3
f6 9. e3 Be7 10. d4 cxd4 11. exd4 exd4 12. Ne2 Ne6 13. b4 d3 14. Nf4 Nxf4 $11
15. Bxf4 Be6 16. Re1 Qd7 17. Rc1 O-O 18. b5 Ne5 19. Bxe5 fxe5 20. Nxe5 Qxb5 21.
Qxd3 Qb6 22. Nc4 Qxf2+ 23. Kh1 Bg5 24. Bd5 Bxd5+ 25. Qxd5+ Kh8 26. Qxg5 1/2-1/2

[Event "Klub Kölner SF 1 - Aachener SV 1"]
[Site "Oberliga NRW 2012/2013"]
[Date "2013.02.17"]
[Round "6.5"]
[White "Begnis, Nikolaos"]
[Black "Bonnmann, Reinhard"]
[Result "1-0"]
[WhiteElo "2243"]
[BlackElo "2210"]
[PlyCount "71"]
[EventDate "2013.??.??"]
[WhiteTeam "Aachener SV 1"]
[BlackTeam "Klub Kölner SF 1"]

1. e4 c5 2. Nf3 Nc6 3. d4 cxd4 4. Nxd4 Nf6 5. Nc3 e5 6. Ndb5 d6 7. Bg5 a6 8.
Na3 b5 9. Bxf6 gxf6 10. Nd5 Bg7 11. c3 f5 12. Nxb5 axb5 13. Bxb5 Bd7 14. exf5
Rb8 15. a4 O-O 16. Qg4 Kh8 17. Qe4 f6 18. O-O Ne7 19. Nxe7 Qxe7 20. c4 d5 21.
Qxd5 Bxf5 22. Rfd1 Rfd8 23. Qf3 Be6 24. a5 f5 25. a6 e4 26. Qe3 Rxd1+ 27. Rxd1
Rd8 28. Rxd8+ Qxd8 29. g3 Bd4 30. Qh6 Qc7 31. Qf4 Qa7 32. Kg2 Qb6 33. b4 Bc8
34. Qg5 Bf6 35. Qh6 e3 36. Qf8# 1-0

[Event "Klub Kölner SF 1 - Aachener SV 1"]
[Site "Oberliga NRW 2012/2013"]
[Date "2013.02.17"]
[Round "6.6"]
[White "Wisskirchen, Andreas"]
[Black "Ahn, Martin"]
[Result "1/2-1/2"]
[WhiteElo "2188"]
[BlackElo "2220"]
[PlyCount "26"]
[EventDate "2013.??.??"]
[WhiteTeam "Klub Kölner SF 1"]
[BlackTeam "Aachener SV 1"]

1. d4 Nf6 2. Nf3 g6 3. g3 Bg7 4. Bg2 O-O 5. O-O d6 6. c4 Nbd7 7. Nc3 e5 8. e4
Re8 9. d5 Nc5 10. Ne1 a5 11. Rb1 b6 12. Nc2 Bd7 13. f3 Nh5 1/2-1/2

[Event "Klub Kölner SF 1 - Aachener SV 1"]
[Site "Oberliga NRW 2012/2013"]
[Date "2013.02.17"]
[Round "6.7"]
[White "Dischinger, Frank"]
[Black "Meertens, Martin"]
[Result "1/2-1/2"]
[WhiteElo "2058"]
[BlackElo "2098"]
[Annotator "Doe,John"]
[PlyCount "54"]
[EventDate "2013.??.??"]
[WhiteTeam "Aachener SV 1"]
[BlackTeam "Klub Kölner SF 1"]

1. e4 c5 2. Nf3 d6 3. d4 cxd4 4. Nxd4 Nf6 5. f3 a6 6. c4 Nc6 7. Nc3 g6 8. Be3
Bg7 9. Qd2 O-O 10. Be2 Bd7 11. O-O Nxd4 12. Bxd4 Bc6 13. Rfd1 Nd7 14. Be3 Re8
15. a3 Nc5 16. Qc2 b6 17. b4 Nd7 18. Rac1 Qb8 19. Nd5 a5 20. b5 Bxd5 21. cxd5
Rc8 22. Qb1 Rxc1 23. Rxc1 Nc5 24. Kh1 $11 Ra7 25. Rc4 Rc7 26. Qc2 Qc8 27. Kg1
Qd7 1/2-1/2

[Event "Klub Kölner SF 1 - Aachener SV 1"]
[Site "Oberliga NRW 2012/2013"]
[Date "2013.02.17"]
[Round "6.8"]
[White "Samak, Alexander"]
[Black "Titgemeyer, Sven"]
[Result "1/2-1/2"]
[WhiteElo "2043"]
[BlackElo "1971"]
[PlyCount "77"]
[EventDate "2013.??.??"]
[WhiteTeam "Klub Kölner SF 1"]
[BlackTeam "Aachener SV 1"]

1. e4 e5 2. Nc3 Nf6 3. f4 d5 4. exd5 exf4 5. Bb5+ Nbd7 6. d4 a6 7. Ba4 b5 8.
Bb3 Nb6 9. Bxf4 Bb7 10. Nf3 Nfxd5 11. Nxd5 Nxd5 12. Bg3 Be7 13. O-O O-O 14. c3
Ne3 15. Qd3 Nxf1 16. Rxf1 Bf6 17. Ne5 c5 18. Bc2 g6 19. dxc5 Bxe5 20. Bxe5 Qg5
21. Qg3 Qxg3 22. Bxg3 Bd5 23. Rd1 Bc6 24. a3 Rfe8 25. Kf2 Rac8 26. b4 Bxg2 27.
Kxg2 Re2+ 28. Kf3 Rxc2 29. Rd3 Kf8 30. Ke4 Ke7 31. Bh4+ f6 32. Bg3 Re2+ 33. Kd5
Re6 34. Bd6+ Kd7 35. c4 h5 36. cxb5 axb5 37. a4 Rxd6+ 38. cxd6 Rc6 39. a5
1/2-1/2

[Event "SC Hansa Dortmund 2 - SV Mülheim-Nord 2"]
[Site "Oberliga NRW 2012/2013"]
[Date "2013.03.10"]
[Round "7.1"]
[White "Saltaev, Mihail"]
[Black "Karger, Frank"]
[Result "1/2-1/2"]
[WhiteElo "2451"]
[BlackElo "2233"]
[Annotator "Doe,John"]
[PlyCount "209"]
[EventDate "2013.??.??"]
[WhiteTeam "SV Mülheim-Nord 2"]
[BlackTeam "SC Hansa Dortmund 2"]

1. e4 c5 2. Nf3 e6 3. d4 cxd4 4. Nxd4 a6 5. c4 Nf6 6. Nc3 d6 7. Be2 Be7 8. O-O
O-O 9. Be3 b6 10. f3 Bb7 11. Qd2 Nbd7 12. Rfd1 Qc7 13. Rac1 Rac8 14. Bf1 Rfe8
15. Bf2 Qb8 16. Nc2 Ne5 17. Ne3 h5 18. b3 Rcd8 19. Qb2 Nfd7 20. Qe2 Ng6 21. g3
h4 22. Bg2 hxg3 23. hxg3 Nge5 24. f4 Ng6 25. Qh5 Nf6 26. Qh1 Bf8 27. a4 Ba8 28.
Bf3 Rd7 29. Rd3 Red8 30. Rcd1 Ne8 31. Nc2 Be7 32. Kf1 Nc7 33. Qh5 Nf8 34. Kg2
g6 35. Qh3 Bf6 36. Rh1 Bg7 37. Nd4 Ne8 38. Nde2 f5 39. g4 fxe4 40. Nxe4 d5 41.
cxd5 Bxd5 42. Re3 Qb7 43. Bh4 Rc8 44. N4c3 Bxf3+ 45. Qxf3 Qxf3+ 46. Kxf3 Nf6
47. Bf2 Nd5 48. Nxd5 Rxd5 49. Rc1 Rxc1 50. Nxc1 b5 51. Rd3 bxa4 52. Rxd5 exd5
53. bxa4 Ne6 54. Na2 Bd4 $11 55. Nb4 Bxf2 56. Kxf2 Nc5 57. a5 d4 58. Nc6 d3 59.
Ke3 Kg7 60. Nb4 Kf6 61. Nxd3 Nb3 62. Ke4 Nxa5 63. g5+ Kf7 64. Nc5 Nc6 65. Nxa6
Ke6 66. Nc5+ Kd6 67. Nd3 Ke6 68. Ne5 Ne7 69. Nf3 Nc6 70. Nd4+ Nxd4 71. Kxd4 Kd6
72. Ke3 Ke7 73. Kf2 Kf8 74. Ke1 Ke7 75. Ke2 Ke6 76. Kf2 Kd6 77. Kf3 Kd7 78. Kg3
Ke7 79. Kf2 Kd6 80. Ke2 Ke6 81. Kd2 Kd6 82. Kc3 Ke6 83. Kd3 Kd7 84. Ke3 Ke7 $11
85. Kf3 Kd7 86. Ke2 Ke6 87. Kd3 Kd7 88. Ke3 Ke7 89. Kd4 Kd6 90. Ke4 Ke6 91. Kf3
Kd7 92. Kf2 Kd6 93. Ke1 Ke7 94. Kd2 Kd6 95. Kc3 Ke6 96. Kd3 Kd7 97. Ke4 Ke6 98.
f5+ gxf5+ 99. Kf4 Kf7 100. Kxf5 Kg7 101. g6 Kg8 102. Kf4 Kg7 103. Kg5 Kg8 104.
Kh6 Kh8 105. g7+ 1/2-1/2

[Event "SC Hansa Dortmund 2 - SV Mülheim-Nord 2"]
[Site "Oberliga NRW 2012/2013"]
[Date "2013.03.10"]
[Round "7.2"]
[White "Rumpf, Thomas"]
[Black "Rezasade, Amir"]
[Result "0-1"]
[WhiteElo "2085"]
[BlackElo "2302"]
[Annotator "Doe,John"]
[PlyCount "74"]
[EventDate "2013.??.??"]
[WhiteTeam "SC Hansa Dortmund 2"]
[BlackTeam "SV Mülheim-Nord 2"]

1. e4 c5 2. Nf3 d6 3. Bb5+ Bd7 4. Bxd7+ Qxd7 5. c4 Qg4 6. Nc3 Qxg2 7. Rg1 Qh3
8. d3 Nc6 9. Nd5 Qd7 10. b3 e6 11. Nf4 e5 12. Nd5 Nge7 13. Bg5 Nxd5 14. cxd5
Ne7 15. Nd2 f6 16. Be3 g6 17. a4 Bg7 18. Nc4 O-O 19. h4 Kh8 20. h5 g5 21. h6
Bxh6 22. Qh5 Bg7 23. Rh1 h6 24. Ke2 Kg8 25. Rag1 Rf7 26. Bd2 Rd8 27. Rh2 Kf8
28. Rgh1 b5 29. axb5 Qxb5 30. Rb1 f5 31. Ba5 Rd7 32. Bc7 $11 fxe4 33. dxe4 Rxc7
34. Rh3 Nc8 35. Rd1 Rf4 36. f3 Rh4 37. Qg6 Qe8 0-1

[Event "SC Hansa Dortmund 2 - SV Mülheim-Nord 2"]
[Site "Oberliga NRW 2012/2013"]
[Date "2013.03.10"]
[Round "7.3"]
[White "Nachbar, Benjamin"]
[Black "Sundorf, Jannik"]
[Result "1/2-1/2"]
[WhiteElo "2137"]
[BlackElo "2112"]
[PlyCount "41"]
[EventDate "2013.??.??"]
[WhiteTeam "SV Mülheim-Nord 2"]
[BlackTeam "SC Hansa Dortmund 2"]

1. c4 Nf6 2. Nc3 e6 3. Nf3 d5 4. e3 c6 5. b3 Nbd7 6. Bb2 Bd6 7. Qc2 a6 8. Be2
Qe7 9. Rc1 O-O 10. d4 dxc4 11. Bxc4 b5 12. Be2 c5 13. O-O Bb7 14. dxc5 Nxc5 15.
b4 Ncd7 16. a3 Rac8 17. Nd2 Ne5 18. h3 Rfd8 19. f4 Nc4 20. Nxc4 bxc4 21. Bf3
1/2-1/2

[Event "SC Hansa Dortmund 2 - SV Mülheim-Nord 2"]
[Site "Oberliga NRW 2012/2013"]
[Date "2013.03.10"]
[Round "7.4"]
[White "Schiefelbusch, Dirk"]
[Black "Bus, Tom"]
[Result "1-0"]
[WhiteElo "2061"]
[BlackElo "2102"]
[Annotator "Doe,John"]
[PlyCount "59"]
[EventDate "2013.??.??"]
[WhiteTeam "SC Hansa Dortmund 2"]
[BlackTeam "SV Mülheim-Nord 2"]

1. b4 c6 2. c4 e5 3. Bb2 Bxb4 4. Bxe5 Nf6 5. Nf3 O-O 6. e3 Re8 7. Be2 d5 8.
cxd5 cxd5 9. O-O Nc6 10. Bb2 Bf8 11. d3 Bd7 12. Nbd2 Bc5 13. Nb3 Bb6 14. Rc1
Qe7 15. Nbd4 Ng4 16. Qd2 Qd6 17. Nxc6 bxc6 18. d4 $11 Bc7 19. Ne5 Nxh2 20. Kxh2
f6 21. f4 fxe5 22. dxe5 Qh6+ 23. Kg1 Rab8 24. Bf3 Rxb2 25. Qxb2 Bb6 26. Rce1
Kh8 27. g3 Be6 28. Qh2 Qg6 29. Bh5 Qd3 30. Bxe8 1-0

[Event "SC Hansa Dortmund 2 - SV Mülheim-Nord 2"]
[Site "Oberliga NRW 2012/2013"]
[Date "2013.03.10"]
[Round "7.5"]
[White "Wittenberg, Andreas"]
[Black "Linker, Walter"]
[Result "1-0"]
[WhiteElo "2107"]
[BlackElo "2026"]
[Annotator "Doe,John"]
[PlyCount "65"]
[EventDate "2013.??.??"]
[WhiteTeam "SV Mülheim-Nord 2"]
[BlackTeam "SC Hansa Dortmund 2"]

1. d4 Nf6 2. Nf3 e6 3. g3 b6 4. Bg2 Bb7 5. O-O Be7 6. c4 O-O 7. d5 d6 8. Nc3 e5
9. Ne1 a5 10. Nd3 Nfd7 11. f4 f6 12. e4 Na6 13. Be3 Rb8 14. Qh5 Nb4 15. Nxb4
axb4 16. Nb5 Nc5 17. Bxc5 bxc5 18. Bh3 g6 19. Qe2 c6 20. Na7 Qb6 21. Nxc6 Bxc6
22. dxc6 Qxc6 23. Be6+ Kg7 $11 24. Qc2 Qb6 25. Rf3 Ra8 26. a4 bxa3 27. Rb3 Qc7
28. Bd5 Rab8 29. Rbxa3 Kh8 30. Ra7 Qd8 31. Qa4 Rxb2 32. Rd7 Qe8 33. Qa7 1-0

[Event "SC Hansa Dortmund 2 - SV Mülheim-Nord 2"]
[Site "Oberliga NRW 2012/2013"]
[Date "2013.03.10"]
[Round "7.6"]
[White "Prueske, Wolfgang"]
[Black "Krueger, Andre"]
[Result "1/2-1/2"]
[WhiteElo "1998"]
[BlackElo "2108"]
[Annotator "Doe,John"]
[PlyCount "131"]
[EventDate "2013.??.??"]
[WhiteTeam "SC Hansa Dortmund 2"]
[BlackTeam "SV Mülheim-Nord 2"]

1. e4 c5 2. Nf3 e6 3. c3 Nf6 4. e5 Nd5 5. d4 cxd4 6. cxd4 d6 7. Bd3 Nc6 8. O-O
dxe5 9. dxe5 Ndb4 10. Be4 Qxd1 11. Rxd1 Bd7 12. a3 Na6 13. b4 Nc7 14. Nc3 Be7
15. Bf4 O-O-O 16. Rac1 h6 17. h4 Kb8 18. Rc2 Bc8 19. Rd6 Ne8 20. Rxd8 Nxd8 21.
Nb5 Bd7 22. Nd6 Rf8 23. b5 Nc7 24. a4 Rg8 25. h5 Ne8 26. Nd2 Bg5 27. Bg3 Nxd6
28. exd6 f5 29. Bf3 Bxd2 30. Rxd2 Nf7 31. Be2 Rc8 32. f4 Rc5 33. Bh4 Rd5 34.
Rxd5 exd5 35. Be7 Kc8 36. Bf8 Be6 37. Bxg7 Kd7 38. Bd4 b6 39. a5 bxa5 40. Bxa7
Nxd6 41. Bd4 a4 42. Kf1 Ne4 43. Ke1 Bf7 44. b6 Kc6 45. Bb5+ Kb7 46. Bxa4 Bxh5
47. Bd7 Nd6 $11 48. Be5 Nc4 49. Bxf5 Nxe5 50. fxe5 Kxb6 51. Bd7 Kc5 52. g4 Bg6
53. Kd2 d4 54. Bf5 Be8 55. Be4 $11 Bb5 56. Bf3 Bc4 57. Be4 Be6 58. Bf3 Bd5 59.
Be2 Be4 60. e6 Kd6 61. Bc4 Ke7 62. Ke2 Kf6 63. Kf2 Bc6 64. Kg3 Kg5 65. e7 Kf6
66. Kf4 1/2-1/2

[Event "SC Hansa Dortmund 2 - SV Mülheim-Nord 2"]
[Site "Oberliga NRW 2012/2013"]
[Date "2013.03.10"]
[Round "7.7"]
[White "Zatonskih, Vitaly"]
[Black "Kemna, Martin"]
[Result "1-0"]
[WhiteElo "2287"]
[BlackElo "1965"]
[PlyCount "105"]
[EventDate "2013.??.??"]
[WhiteTeam "SV Mülheim-Nord 2"]
[BlackTeam "SC Hansa Dortmund 2"]

1. e4 c5 2. g3 e5 3. Bg2 Nc6 4. d3 d6 5. f4 g6 6. Nf3 h6 7. O-O Bg7 8. Nc3 Nge7
9. Be3 b6 10. Rf2 Be6 11. Nh4 exf4 12. gxf4 g5 13. f5 gxh4 14. fxe6 fxe6 15.
Bh3 Kd7 16. Bxe6+ Kc7 17. Rf7 Bxc3 18. bxc3 Ne5 19. Rf2 Qe8 20. Kh1 Qg6 21. Bh3
Raf8 22. Qe2 Rxf2 23. Bxf2 Qf7 24. Bxh4 N7g6 25. Bg3 Nf4 26. Bxf4 Qxf4 27. Rf1
Qh4 28. Qg2 Re8 29. Qg3 Qe7 30. Qf4 h5 31. Qf6 Qxf6 32. Rxf6 Rg8 33. Rf5 a5 34.
c4 a4 35. a3 Kc6 36. Bg2 h4 37. Rf4 Rb8 38. Bf1 Rg8 39. c3 Ng4 40. Bh3 Ne5 41.
d4 Nd3 42. Rf7 cxd4 43. cxd4 Rd8 44. Be6 b5 45. Bd5+ Kb6 46. Rb7+ Ka5 47. Rxb5+
Ka6 48. Kg2 Rf8 49. Kh3 Rf1 50. Rb8 Nf4+ 51. Kxh4 Nxd5 52. exd5 Rf4+ 53. Kg5
1-0

[Event "SC Hansa Dortmund 2 - SV Mülheim-Nord 2"]
[Site "Oberliga NRW 2012/2013"]
[Date "2013.03.10"]
[Round "7.8"]
[White "Begna, Bozidar"]
[Black "Ozerov, Ilja"]
[Result "0-1"]
[WhiteElo "1929"]
[BlackElo "2025"]
[PlyCount "116"]
[EventDate "2013.??.??"]
[WhiteTeam "SC Hansa Dortmund 2"]
[BlackTeam "SV Mülheim-Nord 2"]

1. d3 c5 2. Nf3 Nc6 3. g3 Nf6 4. Bg2 d5 5. Nbd2 Bg4 6. e4 e6 7. c3 Be7 8. Qc2
O-O 9. O-O Rc8 10. Re1 b5 11. b3 a5 12. a4 b4 13. c4 d4 14. Nf1 Nd7 15. h3 Bxf3
16. Bxf3 Bg5 17. Qe2 Bxc1 18. Raxc1 Qg5 19. Bg2 e5 20. h4 Qh6 21. Bh3 Rc7 22.
Bxd7 Rxd7 23. Nh2 Nd8 24. Ng4 Qd6 25. f3 h5 26. Nf2 Qh6 27. Nh3 Ne6 28. Kg2 f6
29. f4 exf4 30. Nxf4 Qxf4 31. gxf4 Nxf4+ 32. Kf3 Nxe2 33. Kxe2 Re7 34. Kd2 Re5
35. Rg1 Kf7 36. Rcf1 Rg8 37. Rg3 g5 38. Rgf3 Rg6 39. Rf5 Rxf5 40. Rxf5 gxh4 41.
Rxh5 Rg2+ 42. Kc1 Rg4 43. Kd2 Kg6 44. Rh8 Kg5 45. Ke2 Rg2+ 46. Kf3 Rg3+ 47. Kf2
Rxd3 48. Rc8 Kf4 49. Rxc5 Kxe4 50. Rxa5 Rxb3 51. Rh5 Rb2+ 52. Kf1 Ra2 53. Rxh4+
Kd3 54. c5 Rxa4 55. Rh3+ Kc2 56. Ke2 b3 57. Rd3 b2 58. Rd2+ Kb3 0-1

[Event "SV Wattenscheid 2 - SG Porz 2"]
[Site "Oberliga NRW 2012/2013"]
[Date "2013.03.10"]
[Round "7.1"]
[White "Miedema, David"]
[Black "Henrichs, Thomas"]
[Result "1-0"]
[WhiteElo "2301"]
[BlackElo "2503"]
[PlyCount "131"]
[EventDate "2013.??.??"]
[WhiteTeam "SG Porz 2"]
[BlackTeam "SV Wattenscheid 2"]

1. d4 Nf6 2. c4 e6 3. Nc3 Bb4 4. e3 O-O 5. Nge2 c6 6. a3 Ba5 7. b4 Bc7 8. e4 d5
9. e5 Ne8 10. Ng3 f6 11. f4 fxe5 12. fxe5 Qh4 13. Be3 Nd7 14. Qh5 Qxh5 15. Nxh5
a5 16. b5 Nxe5 17. dxe5 Bxe5 18. Bd2 Nd6 19. Ng3 Bd7 20. bxc6 Bxc6 21. cxd5
exd5 22. Bd3 Rfe8 23. O-O b5 24. Rac1 Nc4 25. Nb1 Bb7 26. Nf5 Ba6 27. Bc3 g6
28. Bxc4 dxc4 29. Nh6+ Kg7 30. Bxe5+ Rxe5 31. Ng4 Rg5 32. Ne3 Re8 33. Nc2 Re2
34. Rf2 Rxf2 35. Kxf2 Rf5+ 36. Kg1 Rd5 37. Nc3 Rd3 38. Ne1 Rd8 39. Rb1 Rb8 40.
Nc2 Rd8 41. Rd1 Rd3 42. Rxd3 cxd3 43. Nd4 b4 44. axb4 axb4 45. Nb1 Bc4 46. Nd2
Bd5 47. N4b3 Kf6 48. Nc1 Kf5 49. Kf2 h5 50. Nxd3 b3 51. Nc5 b2 52. Na4 h4 53.
Nxb2 g5 54. Nd1 Bb7 55. Ne3+ Kf4 56. Ndc4 g4 57. g3+ hxg3+ 58. hxg3+ Kg5 59.
Ne5 Bc8 60. Ke2 Be6 61. Kd3 Bc8 62. Kd4 Be6 63. Nd3 Bc8 64. Ke5 Ba6 65. Nf2 Be2
66. Ne4+ 1-0

[Event "SV Wattenscheid 2 - SG Porz 2"]
[Site "Oberliga NRW 2012/2013"]
[Date "2013.03.10"]
[Round "7.2"]
[White "Mladenov, Svetlin"]
[Black "Korotkjevich, Stanislav"]
[Result "1/2-1/2"]
[WhiteElo "2405"]
[BlackElo "2352"]
[PlyCount "95"]
[EventDate "2013.??.??"]
[WhiteTeam "SV Wattenscheid 2"]
[BlackTeam "SG Porz 2"]

1. e4 c5 2. Nf3 Nc6 3. Bb5 g6 4. Bxc6 dxc6 5. d3 Bg7 6. h3 Nf6 7. Nc3 O-O 8.
Bf4 Nd7 9. e5 Nb6 10. Qd2 Nd5 11. Bh6 Nxc3 12. Bxg7 Kxg7 13. Qxc3 Qd5 14. a4
Be6 15. b3 b5 16. axb5 cxb5 17. Ra5 a6 18. Qd2 Qc6 19. Qe3 Bd5 20. h4 Bxf3 21.
gxf3 h5 22. Ke2 Rfd8 23. Qe4 Qe6 24. Rha1 f5 25. exf6+ Qxf6 26. Rxa6 Rxa6 27.
Rxa6 Rd6 28. Rxd6 exd6 29. Ke3 b4 30. Ke2 Qc3 31. Qe7+ Kh6 32. Qg5+ Kg7 33.
Qe7+ Kh6 34. Qf8+ Kh7 35. Qxd6 Qxc2+ 36. Ke3 Qc1+ 37. Ke4 Qe1+ 38. Kd5 Qxf2 39.
Qe7+ Kh6 40. Qf8+ Kh7 41. Qf7+ Kh6 42. Qf6 Kh7 43. Ke6 Qa2 44. Qf7+ Kh6 45.
Qf4+ Kh7 46. Kf6 Qa7 47. Ke6 Qa6+ 48. Ke7 1/2-1/2